000 02622nam a22002657a 4500
999 _c60699
_d60699
003 Ge_BSU
005 20231010145143.0
008 231010s1999 ge ||||| |||| 00| 0 geo d
020 _a9992865415
041 _ageo
080 _a821.353.1.091 ფ-55
245 _aფილოლოგიურ-ისტორიული ძიებანი : ΑΝΑΘΕΣΙΣ :
_bაკადემიკოს თინათინ ყაუხჩიშვილის საიუბილეოდ = Philological-historical studies : Dedicated to academician Tinatin Kaukhchishvili /
_cივანე ჯავახიშვილის სახელობის თბილისის სახელმწიფო უნივერსიტეტი, კლასიკური ფილოლოგიის, ბიზანტინისტიკისა და ნეოგრეცისტიკის ინსტიტუტი ; რედაქტორი რისმაგ გორდეზიანი
264 _aთბილისი :
_bლოგოსი,
_c1999.
300 _a323 გვ. :
_bპორტრ. ;
_c20 სმ.
490 _aპროგრამა ”ლოგოსი” : პუბლიკაციები და ღონისძიებები კლასიკური ფილოლოგიის, ბიზანტინისტიკისა და ნეოგრეცისტიკის სფეროში
500 _aყდა, თავფურცელი ქართულ და ინგლისურ ენებზე.
504 _aბიბლიოგრაფია ტექსტის შენიშვნებში
520 _aრეზიუმე ინგლისურ და გერმანულ ენებზე.
653 _aყაუხჩიშვილი, თინათინ
653 _aქართველი მეცნიერი და ფილოლოგი.
653 _aბერძნული ლიტერატურა. ეტრუსკოლოგია.
700 _aგორდეზიანი, რისმაგ
_eრედაქტორი
_920051
710 _aივანე ჯავახიშვილის სახელობის თბილისის სახელმწიფო უნივერსიტეტი
_bკლასიკური ფილოლოგიის, ბიზანტინისტიკისა და ნეოგრეცისტიკის ინსტიტუტი
_913867
942 _2udc
_cBK